Geography Quiz

Random Geography or City Quiz

UK Cities by Google Street View Quiz Stats

Quiz not verified by Sporcle

Challenge
Share
Tweet
Score 0/20 Timer 06:00
0 Plays Today
% Correct
London
97.9%
Blackpool
88%
Cardiff
86.5%
Edinburgh
86.4%
Liverpool
84.7%
Newcastle upon Tyne
81.1%
Leeds
77.3%
Birmingham
74.5%
Sheffield
72.4%
Bristol
72.3%
% Correct
Oxford
71.9%
Portsmouth
70.1%
Manchester
66%
Cambridge
61.2%
Aberdeen
60.6%
Bradford
51.8%
Glasgow
41.2%
Folkestone
37.2%
Nottingham
32.7%
Belfast
22.1%

You're not logged in!

Compare scores with friends on all Sporcle quizzes.
Sign Up with Email
OR
Log In

You Might Also Like...

Show Comments

Extras

Top Quizzes Today


Score Distribution

Your Account Isn't Verified!

In order to create a playlist on Sporcle, you need to verify the email address you used during registration. Go to your Sporcle Settings to finish the process.